| 000 | 00948nam a2200253 i 4500 | ||
|---|---|---|---|
| 001 | 70393 | ||
| 003 | ES-MaACL | ||
| 005 | 20230906170815.0 | ||
| 007 | t| | ||
| 008 | 040722s1973 sp ||||1| spa d | ||
| 020 | _a84-229-0157-9 | ||
| 100 | 1 |
_aGarcía San Miguel, Luis. _955254 |
|
| 245 | 1 | 0 |
_aDe la sociedad aristrocática a la sociedad industrial en la España del siglo XIX / _cLuis G. San Miguel. |
| 260 |
_aMadrid : _bCuadernos para el Diálogo, _c1973. |
||
| 300 |
_a266 p. ; _c18 cm. |
||
| 490 | 1 |
_aDivulgación universitaria. Historia ; _v57 |
|
| 650 | 4 |
_aAsturianos- _xPensamiento político. _9171762 |
|
| 651 | 4 |
_aAsturias (Comunidad Autónoma)- _xSituación social. _9171124 |
|
| 651 | 4 |
_aAsturias (Comunidad Autónoma)- _xSituación económica. _9171123 |
|
| 710 | 2 |
_aCuadernos para el Diálogo. _93333 |
|
| 830 | 1 |
_aDivulgación universitaria. Historia ; _v57 _9183300 |
|
| 852 |
_aES-MaACL _jE-8405 |
||
| 999 |
_c70393 _d70393 |
||